000
00260nam a2200097Ia 4500
001
642413
005
20250826153526.0
008
250824s9999 xx 000 0 und d
245
0
_a
Gelincik Diz/Yaşanmış Hayvan Öyküler 3
_c
Gülten Dayıoğlu
260
_b
ALTIN
999
_c
642413
_d
642413